000 00415nam a2200181Ia 4500
001 322
005 20260306140509.0
008 260306t2000||||xx |||||||||||||| ||spa||
041 _aESP
082 _a101
_bH53
100 _aHildebrand, Dietrich Von
_eAUT
245 0 _a¿Qué es filosofía?
260 _c2000
300 _a227 páginas :
_c23 cm.
650 _aGEN
654 _aCHU
942 _cLIB
_dJUS
_fJUS
_2ddc
_n
999 _c322
_d322